Регионална библиотека "Любен Каравелов" - Русе

Смелият капитан (Запис номер 154311)

MARC детайли
000 -Лидер
Контролно поле с фиксирана дължина 02200nam a2200409 c 4500
003 - Код на организацията, давaща контролен номер
Контролно поле BLK
005 - Дата и час на последна редакция
Контролно поле 20180422113303.0
008 - Елементи от данни с фиксирана дължина
fixed length control field 180410b bul|||||r ||||||| ||bul||
010 ## - Наследен системен номер
LC control number KNG00160884000
040 ## - Източник на каталожния запис
Идентификатор на билиотеката - собственик на записа BLK
041 ## - Код за език
Код за езика на текст/звукозапис или на отделно заглавие Български
Код за езика КДБФ Български
080 ## - УДК
Текстов определител УДК Българска литература
УДК код - определител по УДК 821.163.2
УДК определител -312.6
УДК - код + определител 821.163.2-312.6
080 ## - УДК
Текстов определител УДК Националноосвободителното движение в България (1856-1877)
УДК код - определител по УДК 94(497.2)"1856/1877"
УДК определител (092)
УДК - код + определител 94(497.2)"1856/1877"(092)
080 ## - УДК
Текстов определител УДК Георги Мамарчев Буюклиу. Български революционер, капитан от руската армия
УДК код - определител по УДК 929 Мамарчев, Георги Стойков
УДК определител
УДК - код + определител 929 Мамарчев, Георги Стойков
100 1# - Редна дума - Автор
Автор Калчев, Камен
Авторска отговорност първи автор
Автор - информация (биография) Калчев, Петър Митев
R(LIN) 367490
139 ## - Редно поле
Редна дума Калчев, Камен
Авторски знак Калч - К 20
245 10 - Сведения за заглавието
Заглавие Смелият капитан
Подзаглавни данни Романизована биогр. на капитан Георги Мамарчев : За юноши
Редно поле (дума) Камен Калчев; худож. Христо Нейков Нейков; * Петър Митев Калчев.
250 ## - Област на изданието
Сведения за изданието 2. изд.
257 ## - Страна на издаване
Страна на създаване/издаване България
260 ## - Област на издателските данни
-- София
Име на издателя, разпространителя и проч. Нар. младеж
Година на издаване 1961
Печатница София : Д. Благоев
300 ## - Физическа характеристика
Страници 267 с.
Илюстрации и др. с ил.
Размери/Мащаб 21 см
380 ## - Жанр
Жанр Худож. лит.
490 1# - СЕРИИ (Колекции)
Име на серия Любими книги и герои
500 ## - Общи забележки
Забележка Истинското име на авт. е Петър Митев Калчев. - 1. изд. 1958. - 15 100 тир.
600 14 - Име на лице, използвано като предмет
За него / За нея Мамарчев, Георги Стойков
9 (RLIN) 223911
650 #4 - Допълнително описание по предмет – тема
Основно описание – тема или топоним Мамарчев, Георги Стойков
9 (RLIN) 223911
651 #4 - Допълнително описание по предмет - топоним
Географско понятие България
9 (RLIN) 241624
653 ## - Ключова дума – ненормативна
Ключова дума Георги Мамарчев
653 ## - Ключова дума – ненормативна
Ключова дума романизувани биографии
700 1# - Други автори (авторска отговорност)
Лично име Нейков, Христо Нейков
Автороска отговорност (Описва отношението между автора и произведението) худож.
9 (RLIN) 372567
700 1# - Други автори (авторска отговорност)
Лично име Калчев, Петър Митев
Автороска отговорност (Описва отношението между автора и произведението) *
9 (RLIN) 317810
852 ## - Местоположение
Форматна сигнатура Цб 19313
856 4# - Електронен адрес и достъп
Електронен формат pdf - файл
Път до файла /url/
856 4# - Електронен адрес и достъп
Електронен формат pdf - файл
Път до файла /url/
942 ## - АРТИКУЛИ
Вид на библиотечния материал Книги
Скрит в OPAC Не
944 ## - СЪЗДАВАНЕ И РЕДАКЦИЯ на ЗАПИСА
Създаване/Редакция Създаване
Дата на регистрацията/редакция 16.05.2014
Статус, дата на статуса 16.05.2014 - от С1,Р / 16.05.2014
Служител, извършил регистрацията/редакцията Симона_Петрова
944 ## - СЪЗДАВАНЕ И РЕДАКЦИЯ на ЗАПИСА
Създаване/Редакция Редакция
Дата на регистрацията/редакция 19.02.2016
Статус, дата на статуса 16.05.2014 - от С1,Р / 16.05.2014
Служител, извършил регистрацията/редакцията Кети_Илиева
999 ## - СИСТЕМНИ КОНТРОЛНИ НОМЕРА
Koha biblionumber 154311
Koha biblioitemnumber 154311
Наличности
Код за отписване Код за изгубен артикул Източник на класификационната схема Код за повреда Коз за рестрикции Код за отдаване Артикулен № Име на библиотеката - собственик Име на библиотеката, в която се намира в момента Статус (Текущо местоположение) Дата на вписване в системата Местоположение - отдел Цена в лева Инвентарен номер Систематично азбучна сигнатура Баркод Номер на екземпляра Цена в евро Служебна бележка Служебен тип на артикула Бележка за публиката
  Не е изгубен Universal Decimal Classification Не е повреден без рестрикции ползва се в читалня 258661 Регионална библиотека "Любен Каравелов" Русе Регионална библиотека "Любен Каравелов" Русе Хранилище 1961-01-01 Основен фонд - ползва се само за читалня 0.86 10242/61 Цб 19313 900000086898 1 0.44 N: стар фонд Дата: 01.01.1961 Книги  
Изтеглен Не е изгубен Universal Decimal Classification Не е повреден без рестрикции заемане за дома 258662 Регионална библиотека "Любен Каравелов" Русе Регионална библиотека "Любен Каравелов" Русе Заемна - подръчен фонд 1961-01-01 Заемна - подръчен фонд 0.00 8931/61 П 886.7-31/К 20 8931/61 2 0.00 N: стар фонд Дата: 01.01.1961 Книги  
Изтеглен Не е изгубен Universal Decimal Classification Не е повреден без рестрикции заемане за дома 258663 Регионална библиотека "Любен Каравелов" Русе Регионална библиотека "Любен Каравелов" Русе Заемна - подръчен фонд 1961-01-01 Заемна - подръчен фонд 0.00 8935/61 П 886.7-31/К 20 8935/61 3 0.00 N: стар фонд Дата: 01.01.1961 Книги  
Изтеглен Не е изгубен Universal Decimal Classification Не е повреден без рестрикции заемане за дома 258664 Регионална библиотека "Любен Каравелов" Русе Регионална библиотека "Любен Каравелов" Русе Заемна - подръчен фонд 1961-01-01 Заемна - подръчен фонд 0.00 8938/61 П 886.7-31/К 20 8938/61 4 0.00 N: стар фонд Дата: 01.01.1961 Книги  
Изтеглен Не е изгубен Universal Decimal Classification Не е повреден без рестрикции заемане за дома 258665 Регионална библиотека "Любен Каравелов" Русе Регионална библиотека "Любен Каравелов" Русе Заемна - подръчен фонд 1961-01-01 Заемна - подръчен фонд 0.00 8942/61 П 886.7-31/К 20 8942/61 5 0.00 N: стар фонд Дата: 01.01.1961 Книги  
Изтеглен Не е изгубен Universal Decimal Classification Не е повреден без рестрикции заемане за дома 258666 Регионална библиотека "Любен Каравелов" Русе Регионална библиотека "Любен Каравелов" Русе Заемна - подръчен фонд 1961-01-01 Заемна - подръчен фонд 0.00 8944/61 П 886.7-31/К 20 8944/61 6 0.00 N: стар фонд Дата: 01.01.1961 Книги  
Изтеглен Не е изгубен Universal Decimal Classification Не е повреден без рестрикции заемане за дома 258667 Регионална библиотека "Любен Каравелов" Русе Регионална библиотека "Любен Каравелов" Русе Заемна - подръчен фонд 1961-01-01 Заемна - подръчен фонд 0.00 8945/61 П 886.7-31/К 20 8945/61 7 0.00 N: стар фонд Дата: 01.01.1961 Книги  
Изтеглен Не е изгубен Universal Decimal Classification Не е повреден без рестрикции заемане за дома 258668 Регионална библиотека "Любен Каравелов" Русе Регионална библиотека "Любен Каравелов" Русе Заемна - подръчен фонд 1961-01-01 Заемна - подръчен фонд 0.00 8949/61 П 886.7-31/К 20 8949/61 8 0.00 N: стар фонд Дата: 01.01.1961 Книги  
Изтеглен Не е изгубен   Не е повреден без рестрикции заемане за дома 258669 Регионална библиотека "Любен Каравелов" Русе Регионална библиотека "Любен Каравелов" Русе   1961-01-01 Детски отдел 0.85 350880 ДХ 886.7-31/К 20 350880 9 0.43 N: стар фонд Дата: 01.01.1961 Дата инв: 10.09.2015 Бележки инв: Д2015 Книги Отч.N: 42/17 , Дата: 08.09.2017
Vip Innovations Ltd, Rousse, Bulgaria 2025